[Event "33. Open Villa de Benasque 2013"]
[Site "Benasque ESP"]
[Date "2013.07.04"]
[Round "1.2"]
[White "Nisipeanu, Liviu-dieter"]
[Black "Saez Gabikagogeaskoa, Oscar"]
[Result "1-0"]
[WhiteElo "2670"]
[BlackElo "1992"]
[PlyCount "49"]
[EventDate "2013.07.04"]
[EventType "swiss"]
[EventRounds "10"]
[EventCountry "ESP"]
[SourceTitle "Ajedrez en Madrid"]
[Source "lmi"]
[SourceDate "2013.07.04"]

1. e4 c5 2. Nf3 Nc6 3. c3 d5 4. exd5 Qxd5 5. d4 cxd4 6. cxd4 e5 7. Nc3 Bb4 8.
Be2 exd4 9. O-O Qd8 10. Nb5 Nf6 11. a3 Be7 12. Nfxd4 Nxd4 13. Nxd4 O-O 14. Bf3
Qb6 15. Be3 Rd8 16. Qc2 Bc5 17. Nc6 bxc6 18. Bxc5 Qc7 19. Qa4 Nd5 20. Rac1 Be6
21. Qa6 Bc8 22. Qe2 Be6 23. Bd4 Nf4 24. Qe3 Bd5 25. Be5 1-0

[Event "33. Open Villa de Benasque 2013"]
[Site "Benasque ESP"]
[Date "2013.07.04"]
[Round "1.3"]
[White "Rodriguez Garcia, Carlos"]
[Black "Ni, Hua"]
[Result "0-1"]
[WhiteElo "1992"]
[BlackElo "2661"]
[PlyCount "56"]
[EventDate "2013.07.04"]
[EventType "swiss"]
[EventRounds "10"]
[EventCountry "ESP"]
[SourceTitle "Ajedrez en Madrid"]
[Source "lmi"]
[SourceDate "2013.07.04"]

1. e4 e6 2. d4 d5 3. exd5 exd5 4. Bd3 Bd6 5. Qf3 Nf6 6. h3 O-O 7. Ne2 c5 8.
dxc5 Bxc5 9. Be3 Bxe3 10. Qxe3 Re8 11. Qf3 Qb6 12. O-O Nc6 13. Nbc3 Ne5 14. Qg3
d4 15. Nb5 Nh5 16. Qh4 Nxd3 17. Qxh5 g6 18. Qf3 Ne5 19. Qd5 Bxh3 20. Nbxd4 Bg4
21. f3 Bd7 22. Qb3 Qc5 23. Qc3 Nc4 24. b4 Qc7 25. Rad1 Rac8 26. Rd3 Qb6 27. Qe1
Bf5 28. Rb3 Bxc2 0-1

[Event "33. Open Villa de Benasque 2013"]
[Site "Benasque ESP"]
[Date "2013.07.04"]
[Round "1.4"]
[White "Iturrizaga, Eduardo"]
[Black "Acero Solis, Alberto"]
[Result "1-0"]
[WhiteElo "2642"]
[BlackElo "1989"]
[PlyCount "67"]
[EventDate "2013.07.04"]
[EventType "swiss"]
[EventRounds "10"]
[EventCountry "ESP"]
[SourceTitle "Ajedrez en Madrid"]
[Source "lmi"]
[SourceDate "2013.07.04"]

1. d4 e6 2. Nf3 f5 3. Bg5 Nf6 4. Nbd2 d5 5. e3 Be7 6. c4 c6 7. Bd3 O-O 8. Bxf6
Bxf6 9. Qc2 b6 10. O-O-O Na6 11. h3 Kh8 12. Kb1 Nc7 13. cxd5 cxd5 14. Rc1 Rf7
15. h4 Ne8 16. Ne5 Bxe5 17. dxe5 Rc7 18. Qa4 Bd7 19. Qb4 Rxc1+ 20. Rxc1 Kg8 21.
Nf3 Rc8 22. Rg1 a5 23. Qf4 Nc7 24. g4 Qf8 25. gxf5 exf5 26. Nd4 Ne6 27. Qxf5
Qxf5 28. Bxf5 Re8 29. Bxe6+ Bxe6 30. f4 Bd7 31. Kc2 Kf7 32. Kd2 h5 33. Rc1 Rc8
34. e6+ 1-0

[Event "33. Open Villa de Benasque 2013"]
[Site "Benasque ESP"]
[Date "2013.07.04"]
[Round "1.5"]
[White "Morona Minguez, Irene"]
[Black "Rodshtein, Maxim"]
[Result "0-1"]
[WhiteElo "1988"]
[BlackElo "2641"]
[PlyCount "78"]
[EventDate "2013.07.04"]
[EventType "swiss"]
[EventRounds "10"]
[EventCountry "ESP"]
[SourceTitle "Ajedrez en Madrid"]
[Source "lmi"]
[SourceDate "2013.07.04"]

1. e4 c5 2. Nf3 a6 3. c3 e6 4. d4 d5 5. e5 Bd7 6. Bd3 Nc6 7. a3 Rc8 8. O-O Qb6
9. dxc5 Bxc5 10. b4 Bf8 11. Nbd2 Qc7 12. Re1 Nge7 13. c4 Rd8 14. Bb2 Bc8 15.
Qc2 dxc4 16. Nxc4 Nd5 17. Rac1 h6 18. Be4 Qb8 19. Red1 Be7 20. Nd4 Nxd4 21.
Bxd4 O-O 22. Bc5 Bxc5 23. bxc5 Ne7 24. Nd6 Qc7 25. Rb1 Nc6 26. Bxc6 Qxc6 27.
Rb6 Qc7 28. Rdb1 Qe7 29. c6 bxc6 30. Rxc6 Bd7 31. Rc7 Qg5 32. Qc5 Bb5 33. h3
Bd3 34. Rc1 Rb8 35. Qd4 Bg6 36. Rd1 Rb3 37. Kh2 Rxa3 38. Ra1 Rd3 39. Qb2 Rd2
0-1

[Event "33. Open Villa de Benasque 2013"]
[Site "Benasque ESP"]
[Date "2013.07.04"]
[Round "1.6"]
[White "Georgiev, Kiril"]
[Black "Van Dongen, Rob"]
[Result "1-0"]
[WhiteElo "2636"]
[BlackElo "1986"]
[PlyCount "73"]
[EventDate "2013.07.04"]
[EventType "swiss"]
[EventRounds "10"]
[EventCountry "ESP"]
[SourceTitle "Ajedrez en Madrid"]
[Source "lmi"]
[SourceDate "2013.07.04"]

1. d4 d5 2. Nf3 Nf6 3. c4 e6 4. e3 c6 5. b3 Bb4+ 6. Bd2 Bxd2+ 7. Nbxd2 O-O 8.
Bd3 Nbd7 9. O-O c5 10. cxd5 exd5 11. dxc5 Nxc5 12. Qc2 Nxd3 13. Qxd3 Re8 14.
Rfc1 Bg4 15. Nd4 Qd7 16. h3 Bh5 17. Qb5 Red8 18. Rc5 a6 19. Qb6 Rac8 20. Rac1
Rxc5 21. Qxc5 Bg6 22. a4 Ne4 23. Nxe4 Bxe4 24. a5 h6 25. b4 Bd3 26. Nf3 f6 27.
Qd4 Be4 28. Nd2 Bf5 29. Rc5 Be6 30. Nb3 Bf7 31. Qc3 Qd6 32. Rc7 Rd7 33. Rc8+
Rd8 34. Qc7 Qxc7 35. Rxc7 d4 36. Nxd4 Bd5 37. Nf5 1-0

[Event "33. Open Villa de Benasque 2013"]
[Site "Benasque ESP"]
[Date "2013.07.04"]
[Round "1.7"]
[White "Maltsev, Leonid"]
[Black "Delchev, Aleksander"]
[Result "0-1"]
[WhiteElo "1985"]
[BlackElo "2614"]
[PlyCount "52"]
[EventDate "2013.07.04"]
[EventType "swiss"]
[EventRounds "10"]
[EventCountry "ESP"]
[SourceTitle "Ajedrez en Madrid"]
[Source "lmi"]
[SourceDate "2013.07.04"]

1. e4 c5 2. c3 d5 3. exd5 Qxd5 4. d4 Nf6 5. Nf3 Bg4 6. dxc5 Qxc5 7. Na3 a6 8.
h3 Be6 9. Be3 Qc8 10. Be2 g6 11. Nd4 Bd5 12. Bf3 Bg7 13. O-O O-O 14. Qe2 e5 15.
Nb3 e4 16. Bg4 Qc7 17. Qd2 Rd8 18. Nd4 Nxg4 19. hxg4 Nc6 20. Nxc6 Bxc6 21. Qe2
Rd3 22. Rad1 Rad8 23. Rxd3 exd3 24. Qd2 Qd7 25. f3 Qe6 26. b3 Bxc3 0-1

[Event "33. Open Villa de Benasque 2013"]
[Site "Benasque ESP"]
[Date "2013.07.04"]
[Round "1.8"]
[White "Illescas Cordoba, Miguel"]
[Black "Rosell Formosa, Jaime"]
[Result "1-0"]
[WhiteElo "2613"]
[BlackElo "1981"]
[PlyCount "43"]
[EventDate "2013.07.04"]
[EventType "swiss"]
[EventRounds "10"]
[EventCountry "ESP"]
[SourceTitle "Ajedrez en Madrid"]
[Source "lmi"]
[SourceDate "2013.07.04"]

1. e4 d6 2. Nc3 g6 3. f4 Bg7 4. Nf3 c6 5. d4 Nf6 6. Be2 O-O 7. O-O b6 8. e5 Nd5
9. Ne4 Bf5 10. Ng3 Be6 11. Ng5 Bd7 12. c4 Nc7 13. exd6 exd6 14. f5 Qf6 15. Be3
Bxf5 16. Nxf5 gxf5 17. Bd3 Qe7 18. Qf3 Ne6 19. Qxf5 Nxg5 20. Bxg5 Bxd4+ 21. Kh1
f6 22. Bh6 1-0

[Event "33. Open Villa de Benasque 2013"]
[Site "Benasque ESP"]
[Date "2013.07.04"]
[Round "1.10"]
[White "Golod, Vitali"]
[Black "Ferreira, Alex"]
[Result "1-0"]
[WhiteElo "2578"]
[BlackElo "1981"]
[PlyCount "39"]
[EventDate "2013.07.04"]
[EventType "swiss"]
[EventRounds "10"]
[EventCountry "ESP"]
[SourceTitle "Ajedrez en Madrid"]
[Source "lmi"]
[SourceDate "2013.07.04"]

1. d4 e6 2. c4 Nf6 3. Nc3 Bb4 4. Qc2 b6 5. e4 Bb7 6. e5 Ne4 7. a3 Bxc3+ 8. bxc3
f5 9. Nh3 h6 10. f3 Ng5 11. Nf4 O-O 12. Qf2 Nc6 13. Qg3 Ne7 14. h4 Nh7 15. Nh5
Rf7 16. Bxh6 f4 17. Bxf4 Kh8 18. Bd3 g6 19. Nf6 Nf5 20. Qxg6 1-0

[Event "33. Open Villa de Benasque 2013"]
[Site "Benasque ESP"]
[Date "2013.07.05"]
[Round "2.2"]
[White "Prieto Aranguren, Alain"]
[Black "Nisipeanu, Liviu-dieter"]
[Result "0-1"]
[WhiteElo "2206"]
[BlackElo "2670"]
[PlyCount "100"]
[EventDate "2013.07.04"]
[EventType "swiss"]
[EventRounds "10"]
[EventCountry "ESP"]
[SourceTitle "Ajedrez en Madrid"]
[Source "lmi"]
[SourceDate "2013.07.04"]

1. d4 Nf6 2. c4 e6 3. Nf3 Bb4+ 4. Bd2 c5 5. e3 O-O 6. Nc3 cxd4 7. exd4 d5 8.
cxd5 exd5 9. Be2 Nc6 10. O-O Ne4 11. Rc1 Re8 12. a3 Bxc3 13. Bxc3 Bg4 14. Re1
Qb6 15. Qd3 Rac8 16. h3 Bh5 17. g4 Bg6 18. Qb5 Qc7 19. Bf1 Qf4 20. Bg2 h5 21.
Qxd5 hxg4 22. hxg4 Red8 23. Qb5 Nxd4 24. Nxd4 Qxf2+ 25. Kh1 Qh4+ 26. Kg1 Qf2+
27. Kh1 Ng3+ 28. Kh2 Be4 29. Rxe4 Nxe4 30. Qe5 Nf6 31. Qg5 Ne4 32. Qe5 Qh4+ 33.
Kg1 Nxc3 34. Rxc3 Rxc3 35. bxc3 Qxg4 36. Qe7 Qd7 37. Qg5 Re8 38. Bd5 Qe7 39.
Qxe7 Rxe7 40. Kf2 g6 41. c4 Kg7 42. Nb5 b6 43. a4 f5 44. a5 bxa5 45. c5 a6 46.
Nd4 Kf6 47. c6 Ke5 48. Ne6 Kxd5 49. c7 Rxc7 50. Nxc7+ Kc4 0-1

[Event "33. Open Villa de Benasque 2013"]
[Site "Benasque ESP"]
[Date "2013.07.05"]
[Round "2.3"]
[White "Ni, Hua"]
[Black "Semprun Martinez, Fernando"]
[Result "1-0"]
[WhiteElo "2661"]
[BlackElo "2204"]
[PlyCount "77"]
[EventDate "2013.07.04"]
[EventType "swiss"]
[EventRounds "10"]
[EventCountry "ESP"]
[SourceTitle "Ajedrez en Madrid"]
[Source "lmi"]
[SourceDate "2013.07.04"]

1. e4 e5 2. Nf3 Nc6 3. d4 exd4 4. Nxd4 Nf6 5. Nxc6 bxc6 6. e5 Qe7 7. Qe2 Nd5 8.
c4 Ba6 9. Nd2 g6 10. Nf3 Qb4+ 11. Kd1 Bg7 12. Qd2 Qxd2+ 13. Bxd2 Nb6 14. Rc1 c5
15. Bd3 Bb7 16. Re1 O-O 17. Be4 Bxe4 18. Rxe4 Rfe8 19. Re2 d6 20. Bf4 Rad8 21.
Ke1 h6 22. h4 Re6 23. Rcc2 a5 24. b3 a4 25. g4 Rde8 26. exd6 cxd6 27. Bxd6 axb3
28. axb3 Bc3+ 29. Kf1 Bb4 30. Bf4 Kh7 31. g5 h5 32. Rxe6 Rxe6 33. Ne5 f6 34.
Nd3 fxg5 35. Bxg5 Nd7 36. Ra2 Rd6 37. Nxb4 cxb4 38. Ra7 Kg8 39. Be7 1-0

[Event "33. Open Villa de Benasque 2013"]
[Site "Benasque ESP"]
[Date "2013.07.05"]
[Round "2.4"]
[White "Mingarro Carceller, Sergi"]
[Black "Iturrizaga, Eduardo"]
[Result "0-1"]
[WhiteElo "2204"]
[BlackElo "2642"]
[PlyCount "110"]
[EventDate "2013.07.04"]
[EventType "swiss"]
[EventRounds "10"]
[EventCountry "ESP"]
[SourceTitle "Ajedrez en Madrid"]
[Source "lmi"]
[SourceDate "2013.07.04"]

1. d4 Nf6 2. c4 e6 3. g3 c5 4. d5 exd5 5. cxd5 d6 6. Nc3 g6 7. Bg2 Bg7 8. Nf3
O-O 9. O-O Na6 10. Nd2 Nc7 11. a4 b6 12. Nc4 Ba6 13. Na3 Qd7 14. Qb3 Rfe8 15.
Re1 Ng4 16. h3 Ne5 17. Bd2 f5 18. Nab5 Bxb5 19. axb5 a6 20. bxa6 b5 21. a7 Nc4
22. Bf4 Nxb2 23. Ra5 Nd3 24. exd3 Rxe1+ 25. Kh2 Bd4 26. Bd2 Ree8 27. Kg1 Re7
28. Bf3 Qd8 29. Kg2 b4 30. Ne2 Bf6 31. Nf4 Ne8 32. Rxc5 Rexa7 33. Ne6 Ra3 34.
Qc4 Qd7 35. Rb5 Bc3 36. Bxc3 bxc3 37. Nd4 R3a4 38. Rb4 Rxb4 39. Qxb4 Qc7 40.
Nc6 c2 41. Qb2 Ra2 42. Qc1 Nf6 43. Nb4 Qa5 44. Nxa2 Qxa2 45. Qe3 Qa1 46. Qe6+
Kg7 47. Qe7+ Kh8 48. d4 Qxd4 49. Qc7 Qc5 50. Qb8+ Kg7 51. Qb7+ Kf8 52. Qb2 Ke7
53. Qc1 Nxd5 54. Be2 Nb4 55. Bf3 Nd3 0-1

[Event "33. Open Villa de Benasque 2013"]
[Site "Benasque ESP"]
[Date "2013.07.05"]
[Round "2.5"]
[White "Rodshtein, Maxim"]
[Black "Rodriguez Melgar, Josep M"]
[Result "1-0"]
[WhiteElo "2641"]
[BlackElo "2188"]
[PlyCount "99"]
[EventDate "2013.07.04"]
[EventType "swiss"]
[EventRounds "10"]
[EventCountry "ESP"]
[SourceTitle "Ajedrez en Madrid"]
[Source "lmi"]
[SourceDate "2013.07.04"]

1. d4 Nf6 2. c4 e6 3. Nf3 b6 4. g3 Ba6 5. Qa4 c5 6. Bg2 Bb7 7. dxc5 bxc5 8. O-O
Be7 9. Nc3 O-O 10. Rd1 Qb6 11. Bf4 d6 12. Rd2 Rd8 13. Rad1 Nc6 14. Bxd6 Bxd6
15. Rxd6 Qxb2 16. Qb5 Qxb5 17. cxb5 Nd4 18. Rxd8+ Rxd8 19. Nxd4 Bxg2 20. Nxe6
Rxd1+ 21. Nxd1 Bd5 22. Nxc5 Bxa2 23. Nc3 Bc4 24. f3 Nd5 25. Nxd5 Bxd5 26. Na4
Bc4 27. Nc3 Kf8 28. Kf2 Ke7 29. Ke3 Kd6 30. Kd4 Bb3 31. Ne4+ Kc7 32. Kc5 h6 33.
Nc3 Kb7 34. e4 Kc7 35. Nd5+ Kd7 36. Nb4 Kc7 37. Nc6 Bd1 38. Nxa7 Bxf3 39. b6+
Kb7 40. e5 Bd1 41. Nc6 Kc8 42. Kd6 Bf3 43. Nd4 Be4 44. Ke7 Bd5 45. Nf5 Kb7 46.
Nxg7 Kxb6 47. Nf5 h5 48. Ng7 h4 49. gxh4 Kc5 50. h5 1-0

[Event "33. Open Villa de Benasque 2013"]
[Site "Benasque ESP"]
[Date "2013.07.05"]
[Round "2.6"]
[White "Olsarova, Tereza"]
[Black "Georgiev, Kiril"]
[Result "0-1"]
[WhiteElo "2203"]
[BlackElo "2636"]
[PlyCount "60"]
[EventDate "2013.07.04"]
[EventType "swiss"]
[EventRounds "10"]
[EventCountry "ESP"]
[SourceTitle "Ajedrez en Madrid"]
[Source "lmi"]
[SourceDate "2013.07.04"]

1. e4 e5 2. Nf3 Nc6 3. Bb5 Nf6 4. O-O Nxe4 5. d4 Nd6 6. dxe5 Nxb5 7. a4 Nbd4 8.
Nxd4 d5 9. Nxc6 bxc6 10. Nd2 Be7 11. Nb3 c5 12. Na5 Qd7 13. f4 g6 14. c4 dxc4
15. Be3 Rb8 16. Nxc4 Qe6 17. Qc2 O-O 18. b3 Rd8 19. Rac1 Rd5 20. Bd2 Qf5 21.
Ba5 Qxc2 22. Rxc2 Rxb3 23. Bxc7 Bf5 24. Rcc1 Bd3 25. Na5 Ra3 26. Rfe1 Rxa4 27.
Nc6 Bf8 28. e6 fxe6 29. Rxe6 Rd7 30. Be5 Be4 0-1

[Event "33. Open Villa de Benasque 2013"]
[Site "Benasque ESP"]
[Date "2013.07.05"]
[Round "2.7"]
[White "Delchev, Aleksander"]
[Black "Suarez Roa, Jose Francisco"]
[Result "1-0"]
[WhiteElo "2614"]
[BlackElo "2184"]
[PlyCount "75"]
[EventDate "2013.07.04"]
[EventType "swiss"]
[EventRounds "10"]
[EventCountry "ESP"]
[SourceTitle "Ajedrez en Madrid"]
[Source "lmi"]
[SourceDate "2013.07.04"]

1. e4 e5 2. Nf3 Nc6 3. Bb5 a6 4. Ba4 Nge7 5. c3 g6 6. d4 exd4 7. cxd4 b5 8. Bb3
Bg7 9. Nc3 d6 10. Nd5 h6 11. Bd2 O-O 12. Qc1 Kh7 13. h4 Bg4 14. Ng5+ hxg5 15.
hxg5+ Kg8 16. Nf6+ Bxf6 17. gxf6 Nf5 18. Qxc6 Nxd4 19. Qd5 Qxf6 20. Qg5 Qxg5
21. Bxg5 Nxb3 22. Bf6 Bh5 23. axb3 Rfe8 24. f3 Re6 25. Bc3 f5 26. O-O-O f4 27.
Rd5 Kf7 28. Rh4 c6 29. Rxf4+ Ke7 30. Rg5 a5 31. g4 b4 32. Be1 Re5 33. Bh4 Rxg5
34. Bxg5+ Ke6 35. gxh5 gxh5 36. Rf6+ Ke5 37. Rf5+ Kd4 38. Kd2 1-0

[Event "33. Open Villa de Benasque 2013"]
[Site "Benasque ESP"]
[Date "2013.07.05"]
[Round "2.8"]
[White "Rodriguez Ferraz, Borja"]
[Black "Illescas Cordoba, Miguel"]
[Result "0-1"]
[WhiteElo "2195"]
[BlackElo "2613"]
[PlyCount "128"]
[EventDate "2013.07.04"]
[EventType "swiss"]
[EventRounds "10"]
[EventCountry "ESP"]
[SourceTitle "Ajedrez en Madrid"]
[Source "lmi"]
[SourceDate "2013.07.04"]

1. d4 Nf6 2. c4 g6 3. Nc3 Bg7 4. Nf3 O-O 5. g3 d6 6. Bg2 Nc6 7. O-O a6 8. h3
Rb8 9. Be3 Bd7 10. a4 a5 11. Nb5 Nb4 12. Qb3 c6 13. Na3 Re8 14. Bd2 e5 15. Bxb4
axb4 16. Qxb4 exd4 17. Qxd6 Rxe2 18. Nxd4 Rxb2 19. Nac2 Ra8 20. Rab1 Bf8 21.
Qe5 Rxb1 22. Rxb1 Bc8 23. Ra1 Nd7 24. Qe2 Nc5 25. Rd1 Qe7 26. Qxe7 Bxe7 27. a5
Bf6 28. Rb1 Kg7 29. Ra1 Bd7 30. Ra3 Bc8 31. Kh2 Be5 32. Re3 Bxd4 33. Nxd4 Rxa5
34. Re8 Bd7 35. Re5 Kf8 36. g4 Nb3 37. Rxa5 Nxa5 38. c5 Be6 39. Kg3 Bc4 40. h4
Ke7 41. Kf4 f6 42. Be4 Bf1 43. h5 Kf7 44. Bb1 Bc4 45. Bc2 Kg7 46. g5 fxg5+ 47.
Kxg5 h6+ 48. Kg4 gxh5+ 49. Kxh5 Bf7+ 50. Kg4 Kf6 51. Kf4 Nc4 52. Nf5 Bg6 53.
Nd4 Bxc2 54. Nxc2 Ne5 55. Ke4 Nd7 56. Kd4 h5 57. Ne3 Kg5 58. Nf1 Kf4 59. Nh2 h4
60. Kc4 Ne5+ 61. Kc3 h3 62. Kb4 Nd3+ 63. Ka5 Nxc5 64. Kb6 Nd3 0-1

[Event "33. Open Villa de Benasque 2013"]
[Site "Benasque ESP"]
[Date "2013.07.05"]
[Round "2.9"]
[White "Arizmendi Martinez, Julen Luis"]
[Black "Lamas Mercadal, Manuel"]
[Result "1-0"]
[WhiteElo "2580"]
[BlackElo "2180"]
[PlyCount "69"]
[EventDate "2013.07.04"]
[EventType "swiss"]
[EventRounds "10"]
[EventCountry "ESP"]
[SourceTitle "Ajedrez en Madrid"]
[Source "lmi"]
[SourceDate "2013.07.04"]

1. d4 e6 2. e4 d5 3. Nd2 Nf6 4. e5 Nfd7 5. f4 b6 6. Nh3 Ba6 7. Bxa6 Nxa6 8. O-O
Be7 9. f5 exf5 10. Qe2 Qc8 11. Nf4 c6 12. e6 Nf6 13. Nf3 fxe6 14. Nxe6 g6 15.
Ng7+ Kd8 16. Ng5 Ne4 17. Nf7+ Kc7 18. Nxh8 Qxh8 19. Qxa6 Qxg7 20. Bf4+ Bd6 21.
Rad1 Bxf4 22. Rxf4 Qh6 23. Rf3 Qg5 24. b3 Qg4 25. h3 Qh4 26. Kh2 f4 27. c4 Ng5
28. Rdf1 Nxf3+ 29. Rxf3 dxc4 30. d5 cxd5 31. bxc4 d4 32. c5 Qf6 33. cxb6+ Qxb6
34. Qc4+ Kd7 35. Qd5+ 1-0

[Event "33. Open Villa de Benasque 2013"]
[Site "Benasque ESP"]
[Date "2013.07.06"]
[Round "3.2"]
[White "Nisipeanu, Liviu-dieter"]
[Black "Mascaro March, Pedro"]
[Result "1/2-1/2"]
[WhiteElo "2670"]
[BlackElo "2418"]
[PlyCount "53"]
[EventDate "2013.07.04"]
[EventType "swiss"]
[EventRounds "10"]
[EventCountry "ESP"]
[SourceTitle "Ajedrez en Madrid"]
[Source "lmi"]
[SourceDate "2013.07.04"]

1. d4 Nf6 2. c4 e6 3. Nc3 Bb4 4. e3 O-O 5. Bd3 d5 6. cxd5 exd5 7. Nge2 Re8 8.
Bd2 b6 9. Rc1 Bf8 10. O-O Bb7 11. Nf4 Nbd7 12. Qf3 Ne4 13. Ncxd5 Nxd2 14. Qh3
Ne4 15. Nxc7 Bd6 16. Nxe8 Qxe8 17. Bb5 Rd8 18. Nh5 g6 19. Ng3 Nxg3 20. hxg3 Qe4
21. Be2 Nf6 22. Bf3 Qe7 23. Bxb7 Qxb7 24. Rc3 Nd5 25. Rcc1 Nf6 26. Rc3 Nd5 27.
Rcc1 1/2-1/2

[Event "33. Open Villa de Benasque 2013"]
[Site "Benasque ESP"]
[Date "2013.07.06"]
[Round "3.4"]
[White "Iturrizaga, Eduardo"]
[Black "Biolek, Richard Jr"]
[Result "1-0"]
[WhiteElo "2642"]
[BlackElo "2399"]
[PlyCount "81"]
[EventDate "2013.07.04"]
[EventType "swiss"]
[EventRounds "10"]
[EventCountry "ESP"]
[SourceTitle "Ajedrez en Madrid"]
[Source "lmi"]
[SourceDate "2013.07.04"]

1. c4 e5 2. g3 Nc6 3. Bg2 Nf6 4. Nc3 g6 5. d3 Bg7 6. e3 O-O 7. Nge2 d6 8. O-O
Be6 9. Nd5 Qd7 10. Nec3 Nd8 11. f4 exf4 12. Nxf4 Bg4 13. Qd2 c6 14. h3 Be6 15.
e4 Qc7 16. b3 Bd7 17. Bb2 Ne6 18. Nfe2 Qa5 19. d4 Rad8 20. Rad1 Qh5 21. d5 Ng5
22. Nf4 Qh6 23. h4 Ng4 24. Nfe2 f6 25. Bc1 Nf7 26. Qd3 g5 27. Nd4 Qh5 28. Nce2
Nfe5 29. Qc2 Ng6 30. Ne6 Bxe6 31. dxe6 c5 32. Rf5 Rfe8 33. Nc3 Rxe6 34. Qe2
Nxh4 35. gxh4 Qxh4 36. Rd3 Nh6 37. Rfd5 g4 38. Qf2 Qxf2+ 39. Kxf2 Nf7 40. Rf5
Re5 41. Bf4 1-0

[Event "33. Open Villa de Benasque 2013"]
[Site "Benasque ESP"]
[Date "2013.07.06"]
[Round "3.5"]
[White "Roeder, Matthias"]
[Black "Rodshtein, Maxim"]
[Result "0-1"]
[WhiteElo "2408"]
[BlackElo "2641"]
[PlyCount "64"]
[EventDate "2013.07.04"]
[EventType "swiss"]
[EventRounds "10"]
[EventCountry "ESP"]
[SourceTitle "Ajedrez en Madrid"]
[Source "lmi"]
[SourceDate "2013.07.04"]

1. Nf3 g6 2. e4 d6 3. d4 Nf6 4. Bd3 Bg7 5. O-O O-O 6. c3 Nc6 7. Re1 e5 8. h3
Re8 9. d5 Ne7 10. c4 Nd7 11. Nc3 f5 12. Bg5 Rf8 13. exf5 gxf5 14. Nd4 Nc5 15.
Bf1 Bf6 16. Bxf6 Rxf6 17. Nb3 Nd7 18. c5 dxc5 19. Bb5 Ng6 20. Bxd7 Qxd7 21.
Nxc5 Qg7 22. Kh2 b6 23. Ne6 Bxe6 24. dxe6 Rxe6 25. Qb3 Rae8 26. Nb5 Kh8 27.
Nxa7 e4 28. Nb5 c6 29. Na3 Ne5 30. Kh1 Rg8 31. Rg1 Rg6 32. Rad1 Nf3 0-1

[Event "33. Open Villa de Benasque 2013"]
[Site "Benasque ESP"]
[Date "2013.07.06"]
[Round "3.6"]
[White "Georgiev, Kiril"]
[Black "Milliet, Sophie"]
[Result "1-0"]
[WhiteElo "2636"]
[BlackElo "2396"]
[PlyCount "131"]
[EventDate "2013.07.04"]
[EventType "swiss"]
[EventRounds "10"]
[EventCountry "ESP"]
[SourceTitle "Ajedrez en Madrid"]
[Source "lmi"]
[SourceDate "2013.07.04"]

1. d4 Nf6 2. Nf3 e6 3. c4 b6 4. e3 Bb7 5. Bd3 d5 6. O-O Bd6 7. cxd5 exd5 8. Nc3
a6 9. b3 Nbd7 10. Bb2 Qe7 11. Ne2 Ne4 12. Ng3 g6 13. Rc1 f5 14. b4 O-O 15. a3
g5 16. Qc2 Rf7 17. Qe2 g4 18. Nd2 h5 19. f4 Nxg3 20. hxg3 a5 21. b5 Re8 22.
Rfe1 Bc8 23. Kf2 Nf6 24. a4 h4 25. gxh4 Ne4+ 26. Bxe4 g3+ 27. Kg1 fxe4 28. Qh5
Be6 29. Nxe4 dxe4 30. d5 Rh7 31. Qg6+ Kf8 32. Qxe6 Qxe6 33. dxe6 Rxe6 34. Kf1
Rxh4 35. Ke2 Rh2 36. Rg1 Kf7 37. Bc3 Rg6 38. Be5 Bxe5 39. fxe5 Ke6 40. Rxc7
Kxe5 41. Re7+ Kf5 42. Rf1+ Kg5 43. Rxe4 Rxg2+ 44. Kf3 Ra2 45. Kxg3 Kh6+ 46. Kh3
Rag2 47. Rf6 Ra2 48. Rff4 Ra1 49. Rg4 Rxg4 50. Kxg4 Kg6 51. Kf4 Kf6 52. Rc4 Ke6
53. Ke4 Kd7 54. Ke5 Ra3 55. Rd4+ Ke7 56. e4 Rh3 57. Rc4 Rh5+ 58. Kd4 Rh1 59.
Rc6 Ra1 60. Rxb6 Rxa4+ 61. Kd5 Rb4 62. e5 Rb1 63. Rb7+ Kd8 64. Kd6 Kc8 65. Ra7
Rxb5 66. Kc6 1-0

[Event "33. Open Villa de Benasque 2013"]
[Site "Benasque ESP"]
[Date "2013.07.06"]
[Round "3.7"]
[White "Martin Gonzalez, Angel"]
[Black "Delchev, Aleksander"]
[Result "0-1"]
[WhiteElo "2361"]
[BlackElo "2614"]
[PlyCount "114"]
[EventDate "2013.07.04"]
[EventType "swiss"]
[EventRounds "10"]
[EventCountry "ESP"]
[SourceTitle "Ajedrez en Madrid"]
[Source "lmi"]
[SourceDate "2013.07.04"]

1. e4 c5 2. Nf3 e6 3. d4 cxd4 4. Nxd4 a6 5. Nc3 Qc7 6. f4 b5 7. Bd3 Bb7 8. Qe2
Nf6 9. a3 Nc6 10. Nf3 b4 11. Na4 bxa3 12. O-O Nb4 13. bxa3 Nxd3 14. cxd3 Bc6
15. Qc2 Rc8 16. Ne5 Bb5 17. Qxc7 Rxc7 18. Nb2 Bc5+ 19. Kh1 O-O 20. a4 Bc6 21.
Nxc6 Rxc6 22. Nc4 Bd4 23. Rb1 Nxe4 24. Na5 Nf2+ 25. Rxf2 Rxc1+ 26. Rxc1 Bxf2
27. g3 Rb8 28. Kg2 Be3 29. Rc7 Bb6 30. Rb7 Rxb7 31. Nxb7 Kf8 32. Nd6 Bc5 33.
Nc4 Ke7 34. Nd2 Bb4 35. Nb3 Kd6 36. g4 f5 37. gxf5 exf5 38. Nd4 g6 39. Nb3 Kd5
40. Kf3 Bd6 41. h3 h6 42. Ke3 g5 43. fxg5 hxg5 44. Kf3 Bb4 45. Kg3 d6 46. Kf3
Ke5 47. Kg3 Be1+ 48. Kf3 Bh4 49. Ke3 g4 50. hxg4 fxg4 51. Ke2 Bd8 52. Ke3 Bb6+
53. Ke2 Kf4 54. Nd2 d5 55. Nb3 g3 56. d4 Ke4 57. a5 Bxd4 0-1

[Event "33. Open Villa de Benasque 2013"]
[Site "Benasque ESP"]
[Date "2013.07.06"]
[Round "3.8"]
[White "Illescas Cordoba, Miguel"]
[Black "Meneses Gonzalez, Kevin Moises"]
[Result "1-0"]
[WhiteElo "2613"]
[BlackElo "2342"]
[PlyCount "63"]
[EventDate "2013.07.04"]
[EventType "swiss"]
[EventRounds "10"]
[EventCountry "ESP"]
[SourceTitle "Ajedrez en Madrid"]
[Source "lmi"]
[SourceDate "2013.07.04"]

1. d4 Nf6 2. c4 g6 3. Nc3 Bg7 4. e4 d6 5. Be2 O-O 6. Nf3 e5 7. Be3 Na6 8. d5
Nc5 9. Nd2 a5 10. a3 a4 11. Bxc5 dxc5 12. Nxa4 b6 13. Nc3 Ne8 14. O-O Qe7 15.
Qb1 f5 16. b4 cxb4 17. Qxb4 Rf7 18. Qxe7 Rxe7 19. c5 bxc5 20. Nb3 c4 21. Bxc4
Nd6 22. Bd3 Bb7 23. Nc5 fxe4 24. N5xe4 Ree8 25. a4 Ba6 26. Bb5 Nxe4 27. Nxe4
Red8 28. Rfb1 Bxb5 29. Rxb5 c6 30. dxc6 Rxa4 31. Rc1 Bf8 32. f3 1-0

[Event "33. Open Villa de Benasque 2013"]
[Site "Benasque ESP"]
[Date "2013.07.06"]
[Round "3.9"]
[White "Vidarte Morales, Arturo"]
[Black "Arizmendi Martinez, Julen Luis"]
[Result "1/2-1/2"]
[WhiteElo "2344"]
[BlackElo "2580"]
[PlyCount "69"]
[EventDate "2013.07.04"]
[EventType "swiss"]
[EventRounds "10"]
[EventCountry "ESP"]
[SourceTitle "Ajedrez en Madrid"]
[Source "lmi"]
[SourceDate "2013.07.04"]

1. c4 e6 2. Nc3 d5 3. d4 Bb4 4. cxd5 exd5 5. Nf3 Ne7 6. Bf4 O-O 7. e3 c6 8. Bd3
Bf5 9. O-O Re8 10. Ne2 Bxd3 11. Qxd3 Ng6 12. Bg3 Nd7 13. a3 Bf8 14. Nf4 Bd6 15.
Nh5 Bxg3 16. hxg3 Nb6 17. Nf4 Nc4 18. Nxg6 hxg6 19. b3 Nd6 20. Ne5 Qe7 21. a4
g5 22. f3 f6 23. Ng4 Qe6 24. Rae1 Qf5 25. Nf2 Re7 26. g4 Qd7 27. Nh3 Rae8 28.
Kf2 Nf7 29. g3 Re6 30. Re2 Qe7 31. Rfe1 Nh6 32. Kg2 Qf7 33. Qc2 R8e7 34. Qd3
Re8 35. Qc2 1/2-1/2